000 00491nam a2200181Ia 4500
005 20250508151523.0
008 008 250505s9999 xx 000 0 eng d
037 _aTextual
040 _aFEDL
_beng
_cFEDL
041 _aeng
_2eng
084 _a907, COR
_qFEDL
100 _aCordier R W
_9759397
245 0 _aHistory of world peoples
260 _aNew York, USA
_bRand Mcnally and Company
_c1949
300 _a302p.
942 _cTEXL
_h907, COR
999 _c1330327
_d1330327